Detalles MARC
| 000 -CABECERA |
| campo de control de longitud fija |
01913nam a2200289 a 4500 |
| 001 - NÚMERO DE CONTROL |
| campo de control |
000027307 |
| 003 - IDENTIFICADOR DEL NÚMERO DE CONTROL |
| campo de control |
DO-SdBNP |
| 005 - FECHA Y HORA DE LA ÚLTIMA TRANSACCIÓN |
| campo de control |
20250129073605.0 |
| 008 - DATOS DE LONGITUD FIJA--INFORMACIÓN GENERAL |
| campo de control de longitud fija |
110331t1995 dr ac 001 0bspa d |
| 040 ## - FUENTE DE LA CATALOGACIÓN |
| Centro catalogador/agencia de origen |
DO-SdBNP |
| Lengua de catalogación |
spa |
| Centro/agencia transcriptor |
BNPHU |
| 049 ## - FONDOS LOCALES (OCLC) |
| Fondos de biblioteca |
BNPD |
| 082 #4 - NÚMERO DE LA CLASIFICACIÓN DECIMAL DEWEY |
| Número de clasificación |
923.27293 |
| Número de documento/Ítem |
P418b |
| Número de edición |
21 |
| 100 1# - ENTRADA PRINCIPAL--NOMBRE DE PERSONA |
| Nombre de persona |
Balcácer, Juan Daniel, |
| Fechas asociadas al nombre |
1949- |
| 9 (RLIN) |
6566 |
| 245 10 - MENCIÓN DE TÍTULO |
| Título |
Pensamiento y acción de los Padres de la Patria / |
| Mención de responsabilidad, etc. |
Juan Daniel Balcácer. |
| 260 ## - PUBLICACIÓN, DISTRIBUCIÓN, ETC. |
| Lugar de publicación, distribución, etc. |
Santo Domingo : |
| Nombre del editor, distribuidor, etc. |
Taller, |
| Fecha de publicación, distribución, etc. |
1995. |
| 300 ## - DESCRIPCIÓN FÍSICA |
| Extensión |
111 p. : |
| Otras características físicas |
il. ; |
| Dimensiones |
22 cm. |
| 500 ## - NOTA GENERAL |
| Nota general |
Incluye bibliografía y notas al pie de páginas y al final de capítulos. |
| 505 0# - NOTA DE CONTENIDO CON FORMATO |
| Información miscelánea |
Presentación . |
| -- |
Juan Pablo Duarte : su pensamiento político : |
| Título |
Para conocer a Duarte -- |
| -- |
Duarte y el Santo Domingo de su época -- |
| -- |
Los fueros de Barcelona -- |
| -- |
El nacionalista -- |
| -- |
Contra el intervencionismo -- |
| -- |
El escritor. |
| 505 0# - NOTA DE CONTENIDO CON FORMATO |
| Información miscelánea |
Ramón Matías Mella: el prócer de La Misericordia : |
| Título |
Familia de próceres -- |
| -- |
Los primeros años -- |
| -- |
Durante la dominación haitiana -- |
| -- |
Actividades revolucionarias -- |
| -- |
El trabucazo heroico -- |
| -- |
Servicio a la patria -- |
| -- |
Misión diplomática -- |
| -- |
Trayectoria militar -- |
| -- |
Intrepidez y audacia -- |
| -- |
En la cima del patriotismo. |
| 505 0# - NOTA DE CONTENIDO CON FORMATO |
| Información miscelánea |
Francisco del Rosario Sánchez : el mártir de El Cercado : |
| Título |
Nacionalista pragmático -- |
| -- |
Los primeros años -- |
| -- |
En los afanes revolucionarios -- |
| -- |
Proclamación de la República -- |
| -- |
Sánchez y Santana -- |
| -- |
Sánchez y Báez -- |
| -- |
Al margen de la política -- |
| -- |
Sánchez y la anexión -- |
| -- |
Sánchez y Duarte -- |
| -- |
Redentor y mártir -- |
| Información miscelánea |
Apéndice: Breve historia de la bandera. |
| 600 10 - PUNTO DE ACCESO ADICIONAL DE MATERIA--NOMBRE DE PERSONA |
| Nombre de persona |
Duarte, Juan Pablo, |
| Fechas asociadas al nombre |
1813-1876 |
| 9 (RLIN) |
1494 |
| 600 10 - PUNTO DE ACCESO ADICIONAL DE MATERIA--NOMBRE DE PERSONA |
| Nombre de persona |
Sánchez, Francisco del Rosario, |
| Fechas asociadas al nombre |
1817-1861 |
| 9 (RLIN) |
81140 |
| 600 14 - PUNTO DE ACCESO ADICIONAL DE MATERIA--NOMBRE DE PERSONA |
| Nombre de persona |
Mella, Matías Ramón |
| Fechas asociadas al nombre |
1816-1864 |
| Subdivisión general |
Pensamiento polítco |
| 9 (RLIN) |
54383 |
| 651 #0 - PUNTO DE ACCESO ADICIONAL DE MATERIA--NOMBRE GEOGRÁFICO |
| Nombre geográfico |
República Dominicana -- |
| Subdivisión general |
Historia -- |
| Subdivisión cronológica |
1844-1930 |
| 9 (RLIN) |
1009 |
| 910 ## - DATOS DE OPCIÓN DEL USUARIO (OCLC) |
| Datos de opción del usuario |
Validado. Control de calidad EMS. |
| 942 ## - ELEMENTOS DE PUNTO DE ACCESO ADICIONAL (KOHA) |
| Fuente del sistema de clasificación o colocación |
Dewey Decimal Classification |
| Tipo de ítem Koha |
Libro |